Govt. of
Madhya Pradesh

Development education in india (Record no. 69014)

MARC details
000 -LEADER
fixed length control field 00261nam a22001097a 4500
082 ## - DEWEY DECIMAL CLASSIFICATION NUMBER
Classification number 370/AGG
100 ## - MAIN ENTRY--AUTHOR NAME
Personal name Aggarwal,Dr. R.N.
245 ## - TITLE STATEMENT
Title Development education in india
260 ## - PUBLICATION, DISTRIBUTION, ETC. (IMPRINT)
Place of publication Delhi
Name of publisher Shivani book agency
Year of publication 2021
650 ## - SUBJECT ADDED ENTRY--TOPICAL TERM
Topical Term Education
942 ## - ADDED ENTRY ELEMENTS (KOHA)
Koha item type Books
Holdings
Withdrawn status Lost status Damaged status Not for loan Home library Current library Date acquired Cost, normal purchase price Full call number Accession Number Price effective from Koha item type
        MACL MACL 09/04/2026 895.00 370/AGG CRE040455 09/04/2026 Books